000 00556nam a2200181 i 4500
001 48960
003 ES-MaACL
005 20251013215827.0
007 t|
008 030703s1932 fr ||||1| fre d
100 1 _aCornejo, Mariano H.
_940610
245 1 2 _aL'equilibre des continents /
_cpar Mariano H. Cornejo ; avec une lettre de Raymond Poincaré.
260 _aParis :
_bPresses Universitaires,
_c1932.
300 _a240 p. ;
_c19 cm.
700 1 _aPoincaré, Raymond,
_d1860-1934
_992753
852 _aES-MaACL
_jF-13845
999 _c48960
_d48960